Manual práctico: ley de rentas municipales

Salvato in:
Dettagli Bibliografici
Autore principale: Pino Alcaide, Salvador (Autore)
Natura: Libro
Lingua:spagnolo
Pubblicazione: Santiago Andros 2005
Edizione:2a. ed
Soggetti:
Tags: Aggiungi Tag
Nessun Tag, puoi essere il primo ad aggiungerne!!

MARC

LEADER 00000nam a2200000 a 4500
001 UCI8448
003 CL-VaPUC
008 080904e20050000CL |||||||||||||||||spa|d
020 |a 9562998282 
082 0 4 |a 343.83036  |b PIN  |2 21 
100 0 |a Pino Alcaide, Salvador  |e author  |9 531941 
245 1 0 |a Manual práctico: ley de rentas municipales 
250 |a 2a. ed 
300 |a 537 p 
942 |c BK 
945 |d 20080904 00:00:00  |a jtorresc 
260 |a Santiago  |b Andros  |c 2005 
500 |a a) Apectos Legales: Jurisprudencias, Tribunales y Contraloría General de la República 
500 |a b) Materias Técnicas: ejemplos y modelos 
650 7 |a RENTAS MUNICIPALES  |2 CL-VaPUC  |9 329512 
650 0 |a Derecho y legislación   |9 255077 
650 0 |a Aspectos jurídicos  |9 328188 
650 7 |a FINANZAS MUNICIPALES  |2 CL-VaPUC  |9 255556 
651 7 |a CHILE  |2 CL-VaPUC  |9 531942 
583 |a last modification  |c 20080904 00:00:00  |k Rodrigo Vera 
999 |c 331340  |d 331338 
952 |0 0  |1 0  |4 0  |6 343_830360000000000_PIN_2005  |7 0  |8 R  |9 417768  |a BIBGIM  |b BIBGIM  |d 2019-11-22  |i 4477367  |o 343.83036 PIN 2005  |p 4477367  |r 2025-01-15  |w 2019-11-22  |y BK_R  |k COM 
952 |0 0  |1 0  |4 0  |6 343_830360000000000_PIN_2005  |7 0  |8 R  |9 417769  |a BIBGIM  |b BIBGIM  |d 2019-11-22  |i 4477375  |o 343.83036 PIN 2005  |p 4477375  |r 2025-01-15  |w 2019-11-22  |y BK_R  |k COM